000 00706nam a2200193 a 4500
005 20140412111307.0
008 010425s19uu xx 00 eng d
020 _a0-688-12333-3
050 _aTR(PS E
_bRo59 1988
100 _aAruego, Jose
245 _aRockabye crocodile :
_ba folktale from the Philippines /
_cby Jose Aruego and Araine Dewey.
260 _aNew York :
_bMulberry Books,
_c1988.
300 _a1v. (unp.) ; ill.
520 _aTwo elderly boars with contrasting dispositios take turns caring for a baby crocodile and find that their attitudes determine how they are repaid.
650 _aPigs-Fiction
650 _aCrocodiles-Fiction
650 _aBehavior-Fiction
999 _c103729
_d103729